| 000 | 00533nam a22001817a 4500 | ||
|---|---|---|---|
| 003 | CEME | ||
| 005 | 20210628204102.0 | ||
| 008 | 210111b xxu||||| |||| 00| 0 eng d | ||
| 020 | _a9788189741822 | ||
| 040 | _cceme | ||
| 082 | _a621.303 RED | ||
| 100 |
_aReddy, A.R _964000 |
||
| 245 | _aDictionary of electronics and telecommunication engineering | ||
| 260 |
_aNEW DELHI _bSBS PUBLISHERS _c2009 |
||
| 300 | _aVI, 390P | ||
| 650 |
_aDICTIONARY OF ELECTRONICS.DICTIONARY TELECOMMUNICATION ENGINEERING _968660 |
||
| 942 |
_cBK _2ddc |
||
| 999 |
_c576170 _d576170 |
||